00886nam a2200217 i 450000100060000000300090000600500170001500700030003200800410003510000300007624501870010625000270029326000390032030000390035949000670039850000350046570000390050071000300053983000670056985200320063699442ES-MaACL20230906182510.0t|050908s1982 sp ||||1| spa d1 aMartínez, Crisóstomo.13aEl atlas anatómico de Crisóstomo Martínez b: grabador y microcopista del siglo XVII / cCrisóstomo Martínez; estudio y transcripción de José María López Piñeiro. a2ª ed. brev. y ampl. aValencia : bAyuntamiento, c1982. a98 p., lám. I-XIX (1) ; c32 cm.1 aPublicaciones del Archivo Municipal de Valencia. Serie Segunda a(1).- Las tres últimas pleg.1 aLópez Piñeiro, José María.1 aValencia. bAyuntamiento.0 aPublicaciones del Archivo Municipal de Valencia. Serie Segunda aES-MaACLjL-2060 bR.103196